Los "giros" a la izquierda en el Cono Sur: gobiernos progresistas y alternativas de desarrollo en perspectiva comparada /
Guardat en:
| Autor principal: | |
|---|---|
| Format: | Desconegut |
| Idioma: | Spanish |
| Publicat: |
Argentina :
CLACSCO; Ediciones CICCUS
2010
|
| Col·lecció: | Colección Becas de Investigación
|
| Etiquetes: |
Afegir etiqueta
Sense etiquetes, Sigues el primer a etiquetar aquest registre!
|
MARC
| LEADER | 00000 a2200000 04500 | ||
|---|---|---|---|
| 001 | 43194 | ||
| 003 | cru CIDCACS/IIS | ||
| 005 | 20231024112715.0 | ||
| 008 | 050702s2010 ag spa d | ||
| 020 | |a 978-987-1543-54-0 | ||
| 040 | |c CIDCACS/IIS |a cru CIDCACS/IIS | ||
| 100 | |a Alegre, Pablo | ||
| 245 | 1 | 4 | |a Los "giros" a la izquierda en el Cono Sur: |b gobiernos progresistas y alternativas de desarrollo en perspectiva comparada / |c Pablo Alegre |
| 260 | |a Argentina : |b CLACSCO; Ediciones CICCUS |c 2010 | ||
| 300 | |a páginas 31-77 | ||
| 440 | |a Colección Becas de Investigación | ||
| 500 | |a Clasificación del SIBDI 320.509.8 I99i. | ||
| 650 | 0 | 7 | |0 TESAUROS |2 TESAUROS |
| 773 | 0 | |z 978-987-1543-54-0 |t Las izquierdas Latinoamericas. De la oposición al poder |d Argentina : CLACSO, Ediciones CICCUS, 2010 | |
| 773 | 0 | |0 6831 |9 466 |a Alegre, Pablo |d Argentina : CLACSCO; Ediciones CICCUS 2010 |o 13154 |t Las izquierdas latinoamericanas: |w (cru CIDCACS/IIS)43194 |z 978-987-1543-54-0 | |
| 942 | |2 z |c LI |h 04.04.02 A366i |i 13154 |6 040402_A366I_13154 | ||
| 999 | |c 45315 |d 45315 | ||



